[Event "39th TCh-GRE"]
[Site "Eretria GRE"]
[Date "2011.07.07"]
[Round "6.15"]
[White "Sandalakis, Nikolaos"]
[Black "Mihailidis, Hristos"]
[Result "1-0"]
[WhiteElo "1925"]
[BlackElo "1497"]
[WhiteTeam "Chess Academy of Gazi 2099"]
[BlackTeam "Papagou"]
[WhiteFideId "4222890"]
[BlackFideId "4205960"]
[EventDate "2011.07.03"]

1. e4 c5 2. Nf3 d6 3. c3 Nf6 4. Be2 Nc6 5. d4 cxd4 6. cxd4 Nxe4 7. d5 Qb6 8. O-O
Nb8 9. Qa4+ Nd7 10. Qxe4 Nf6 11. Qd3 Bd7 12. Nc3 g6 13. Be3 Qa5 14. a3 Bg7 15.
b4 Qd8 16. Rac1 O-O 17. h3 Rc8 18. Rfd1 a6 19. Qd2 Re8 20. Ng5 Bf5 21. Bd3 Qd7
22. Nge4 Nxe4 23. Nxe4 Be5 24. Ng3 Bxd3 25. Qxd3 Bb2 26. Rb1 Bg7 27. Bd4 Bh6 28.
Be3 Bg7 29. Rdc1 Be5 30. Ne2 Bg7 31. Nd4 Rxc1+ 32. Rxc1 Rc8 33. Rxc8+ Qxc8 34.
Qc2 Qd7 35. a4 Bf6 36. b5 axb5 37. axb5 e6 38. b6 exd5 39. Qc7 Qe7 40. Nc6 Qe4
41. Qxb7 d4 42. Bh6 1-0

[Event "39th TCh-GRE"]
[Site "Eretria GRE"]
[Date "2011.07.07"]
[Round "6.15"]
[White "Koutsidis, Achilleas"]
[Black "Prokopiou, Ioannis"]
[Result "0-1"]
[WhiteElo "1554"]
[BlackElo "1535"]
[WhiteTeam "Papagou"]
[BlackTeam "Chess Academy of Gazi 2099"]
[WhiteFideId "4243080"]
[BlackFideId "4218728"]
[EventDate "2011.07.03"]

1. d4 Nf6 2. c4 e6 3. Nc3 Bb4 4. Qc2 O-O 5. a3 Bxc3+ 6. Qxc3 d6 7. Bg5 h6 8. Bh4
Qe7 9. e3 e5 10. Nf3 Re8 11. Be2 Nbd7 12. O-O Nf8 13. Nd2 Ng6 14. Bg3 Bf5 15. b4
Qd7 16. f3 e4 17. fxe4 Bxe4 18. a4 Re7 19. Bd3 Bxd3 20. Qxd3 Rae8 21. Rfe1 Ng4
22. e4 Nf6 23. c5 d5 24. e5 Nh5 25. b5 Nxg3 26. Qxg3 c6 27. Rab1 Qd8 28. Nb3 Nf8
29. Re3 Re6 30. Qf3 Rg6 31. Rf1 Re7 32. h4 Ne6 33. Qe2 Rd7 34. h5 Rg5 35. Qf3
Nc7 36. b6 axb6 37. cxb6 Ne6 38. a5 Qe7 39. Qd1 Qb4 40. Rd3 Qa4 41. Rh3 Qa2 42.
Rf2 Qa3 43. Kh2 Qe7 44. Qd3 Qb4 45. Rh4 Qe1 46. Qf3 Qb4 47. Qe3 c5 48. Ra2 Rf5
49. Ra1 cxd4 50. Nxd4 Nxd4 51. Rxd4 Rxh5+ 52. Kg1 Qb2 53. Rf1 Re7 54. Rxd5 Rhxe5
55. Rd8+ Kh7 56. Qd3+ g6 57. Rd7 Qa2 58. Qd6 Rg5 59. Rf2 Re1+ 0-1

[Event "39th TCh-GRE"]
[Site "Eretria GRE"]
[Date "2011.07.07"]
[Round "6.16"]
[White "Doumas, Georgios"]
[Black "Tepelenis, Nikolaos"]
[Result "0-1"]
[WhiteElo "2014"]
[BlackElo "2156"]
[WhiteTeam "Chess Union Kalamata"]
[BlackTeam "Association of Chess Players of Ioannina"]
[WhiteFideId "4207521"]
[BlackFideId "4207599"]
[EventDate "2011.07.03"]

1. e4 e6 2. d4 d5 3. Nd2 Nf6 4. e5 Nfd7 5. Bd3 c5 6. c3 Nc6 7. Ne2 cxd4 8. cxd4
f6 9. exf6 Nxf6 10. Nf3 Bd6 11. O-O Qc7 12. Nc3 a6 13. Re1 O-O 14. h3 Bd7 15. a3
Rae8 16. Be3 Kh8 17. Rc1 Qb8 18. b4 b5 19. Qb3 Re7 20. Ng5 h6 21. Nf3 g5 22. Qb1
Rg7 23. Kh1 Nh5 24. Ne2 Nf4 25. Bxf4 Bxf4 26. Nxf4 Qxf4 27. Rxc6 Bxc6 28. Rxe6
Rf6 29. Qe1 Bd7 30. Re7 Bxh3 31. Rxg7 Bxg2+ 32. Kxg2 Qxf3+ 33. Kg1 Kxg7 34. Qe7+
Rf7 35. Qe5+ Qf6 36. Qe3 Qf4 37. Kg2 Qxe3 38. fxe3 Rc7 39. e4 Rc3 40. Bb1 Rb3
41. exd5 Rxb1 42. Kf3 Kf7 0-1

[Event "39th TCh-GRE"]
[Site "Eretria GRE"]
[Date "2011.07.07"]
[Round "6.16"]
[White "Pappas, Mihail"]
[Black "Pantazis, Konstantinos"]
[Result "1-0"]
[WhiteElo "1962"]
[BlackElo "1628"]
[WhiteTeam "Association of Chess Players of Ioannina"]
[BlackTeam "Chess Union Kalamata"]
[WhiteFideId "4248384"]
[BlackFideId "4241231"]
[EventDate "2011.07.03"]

1. e4 c6 2. Nf3 d5 3. exd5 cxd5 4. d4 Nf6 5. Bd3 Nc6 6. c3 Bg4 7. O-O Qc7 8. Bg5
e6 9. Nbd2 Bd6 10. Qc2 Bh5 11. Bh4 Bg6 12. Bg3 Bxg3 13. fxg3 O-O 14. a3 Rac8 15.
Rae1 Na5 16. Ng5 b5 17. Ndf3 Nc4 18. Ne5 Nd6 19. Bxg6 hxg6 20. Nxg6 Rfd8 21.
Rxf6 gxf6 22. Ne7+ Kf8 23. Nxc8 fxg5 24. Nxd6 Qxd6 25. Qe2 a6 26. Qh5 f6 27.
Qh8+ Kf7 28. Qh7+ Kf8 29. Rf1 Qe7 30. Qh6+ Qg7 31. Rxf6+ 1-0

[Event "39th TCh-GRE"]
[Site "Eretria GRE"]
[Date "2011.07.07"]
[Round "6.16"]
[White "Mavromihalis, Konstantinos"]
[Black "Sigkounas, Alkis"]
[Result "0-1"]
[WhiteElo "1816"]
[BlackElo "1727"]
[WhiteTeam "Chess Union Kalamata"]
[BlackTeam "Association of Chess Players of Ioannina"]
[WhiteFideId "4239342"]
[BlackFideId "4238842"]
[EventDate "2011.07.03"]

1. d4 Nf6 2. c4 e6 3. Nc3 Bb4 4. Bg5 h6 5. Bxf6 Qxf6 6. Nf3 c5 7. e3 Nc6 8. Be2
Bxc3+ 9. bxc3 d6 10. O-O e5 11. dxc5 dxc5 12. Qd5 Qe7 13. Rad1 Be6 14. Qe4 f5
15. Qb1 O-O 16. e4 f4 17. Rd2 Rad8 18. Rfd1 Rxd2 19. Rxd2 g5 20. g3 fxg3 21.
fxg3 Qf7 22. Qf1 Qg6 23. Qb1 g4 24. Nh4 Qg5 25. Qc2 Qe3+ 26. Kh1 Rf2 27. Nf5
Bxf5 28. exf5 Kf7 29. f6 Kxf6 30. Rd6+ Ke7 31. Rd2 e4 32. Qd1 Ne5 33. Rd8 Nd3
34. Bxd3 Kxd8 35. Bf1+ Rd2 36. Qxg4 Qf3+ 0-1

[Event "39th TCh-GRE"]
[Site "Eretria GRE"]
[Date "2011.07.07"]
[Round "6.17"]
[White "Petr, Martin"]
[Black "Dochev, Dimitar"]
[Result "1-0"]
[WhiteTitle "GM"]
[BlackTitle "IM"]
[WhiteElo "2523"]
[BlackElo "2426"]
[WhiteTeam "CC Amfissa"]
[BlackTeam "Aigialeias Chess Union"]
[WhiteFideId "318299"]
[BlackFideId "2900939"]
[EventDate "2011.07.03"]

1. e4 e6 2. d4 d5 3. Nc3 Bb4 4. e5 c5 5. a3 Bxc3+ 6. bxc3 Ne7 7. Nf3 Qa5 8. Bd2
Nbc6 9. Be2 cxd4 10. cxd4 Qa4 11. Bc3 b6 12. O-O Ba6 13. Bb4 O-O 14. Bxa6 Qxa6
15. Qd2 Rfc8 16. c3 Nxb4 17. axb4 Qc4 18. Ra3 a5 19. Rfa1 h6 20. h4 Qc6 21. bxa5
Rxa5 22. Rxa5 bxa5 23. Rxa5 Qxc3 24. Qxc3 Rxc3 25. Ra8+ Rc8 26. Ra7 Nc6 27. Rb7
Kf8 28. h5 Na5 29. Rb5 Nc6 30. Rb6 Rc7 31. Ra6 Ke7 32. g4 Kd7 33. Kg2 Ra7 34.
Rxa7+ Nxa7 35. Kg3 Nb5 36. Kf4 Ke7 37. Ke3 Nc3 38. Nh4 f6 39. f4 Nd1+ 40. Ke2
Nc3+ 41. Kd2 Nb5 42. Ke3 Na7 43. f5 Nc6 44. Ng6+ Kf7 45. fxe6+ Kxe6 46. Nf4+ Kf7
47. e6+ Ke7 48. Nxd5+ Kxe6 49. Ke4 Kd6 50. Ne3 Ke7 51. Kd5 Nd8 52. Nf5+ Kf7 53.
Nh4 Ne6 54. Ng6 f5 55. gxf5 Ng5 56. Ke5 Nf3+ 57. Ke4 Nd2+ 58. Kf4 Kf6 59. Ne5
Ke7 60. Ng4 Nc4 61. f6+ Kf8 62. Kf5 Nd6+ 63. Ke6 Ne4 64. d5 Nc5+ 65. Kf5 Nd7 66.
fxg7+ Kxg7 67. Ke6 1-0

[Event "39th TCh-GRE"]
[Site "Eretria GRE"]
[Date "2011.07.07"]
[Round "6.17"]
[White "Siempos, Konstantinos"]
[Black "Balaskas, Panayotis"]
[Result "0-1"]
[WhiteElo "1917"]
[BlackElo "2043"]
[WhiteTeam "Aigialeias Chess Union"]
[BlackTeam "CC Amfissa"]
[WhiteFideId "4208498"]
[BlackFideId "4201302"]
[EventDate "2011.07.03"]

1. e4 c5 2. c3 g6 3. d4 cxd4 4. cxd4 Bg7 5. Nc3 a6 6. a4 e6 7. Nf3 d5 8. exd5
exd5 9. Bg5 Ne7 10. Bxe7 Qxe7+ 11. Be2 Be6 12. O-O O-O 13. Qd2 Nc6 14. Rfe1 Rfd8
15. Na2 a5 16. Bb5 Qd6 17. Bxc6 bxc6 18. b4 axb4 19. Qxb4 Qxb4 20. Nxb4 c5 21.
Nc6 Rd6 22. Nce5 c4 23. Nd2 Rda6 24. Reb1 Bxe5 25. dxe5 Rxa4 26. Rxa4 Rxa4 27.
Nf3 c3 28. Kf1 d4 29. Ke1 d3 30. Rd1 Re4+ 31. Kf1 d2 32. Nxd2 cxd2 33. Rxd2 Rxe5 0-1

[Event "39th TCh-GRE"]
[Site "Eretria GRE"]
[Date "2011.07.07"]
[Round "6.17"]
[White "Kakkanas, Evangelos"]
[Black "Nikolakopoulos, Nikolaos"]
[Result "0-1"]
[WhiteElo "1976"]
[BlackElo "1992"]
[WhiteTeam "CC Amfissa"]
[BlackTeam "Aigialeias Chess Union"]
[WhiteFideId "4205049"]
[BlackFideId "4219759"]
[EventDate "2011.07.03"]

1. d4 f5 2. Bg5 g6 3. e3 Bg7 4. c4 d6 5. Nc3 Nd7 6. Bd3 Ngf6 7. h4 h6 8. Bxf6
Nxf6 9. h5 g5 10. Qc2 e6 11. O-O-O O-O 12. f3 d5 13. cxd5 Nxd5 14. Nxd5 Qxd5 15.
Bc4 Qd6 16. Ne2 Kh8 17. f4 g4 18. Kb1 c6 19. Rc1 Bd7 20. Bb3 b6 21. Qc4 a5 22.
a4 Rfc8 23. Rhd1 Qb8 24. Qd3 b5 25. Nc3 Ra7 26. Rc2 Rb7 27. Kc1 Qd6 28. Nb1 Rcb8
29. Qc3 c5 30. Qxc5 Qxc5 31. Rxc5 bxa4 32. Bc2 Rxb2 33. Rxa5 Bf8 34. d5 Bg7 35.
Na3 Ra2 36. dxe6 Bxe6 37. Nb5 Rc8 38. Nd4 Bxd4 39. Rxd4 Rcxc2+ 40. Kd1 Rxg2 41.
Rd8+ Kg7 42. Ra7+ Kf6 0-1

[Event "39th TCh-GRE"]
[Site "Eretria GRE"]
[Date "2011.07.07"]
[Round "6.17"]
[White "Bulmaga, Irina"]
[Black "Olsarova, Karolina"]
[Result "1-0"]
[WhiteTitle "WIM"]
[BlackTitle "WIM"]
[WhiteElo "2293"]
[BlackElo "2282"]
[WhiteTeam "Aigialeias Chess Union"]
[BlackTeam "CC Amfissa"]
[WhiteFideId "13903063"]
[BlackFideId "320242"]
[EventDate "2011.07.03"]

1. e4 e5 2. Nf3 Nc6 3. Bc4 Bc5 4. c3 Nf6 5. d3 d6 6. O-O O-O 7. h3 Bb6 8. Bb3
Ne7 9. Re1 Ng6 10. Nbd2 c6 11. d4 Bc7 12. dxe5 dxe5 13. Qc2 Nh5 14. Nf1 h6 15.
Ne3 Nhf4 16. Bc4 Qf6 17. Nh2 h5 18. Bf1 Ne7 19. Kh1 Be6 20. a4 Rad8 21. b3 Rd7
22. Ba3 Rfd8 23. Rad1 Neg6 24. Rxd7 Rxd7 25. Rd1 Qd8 26. Rxd7 Qxd7 27. Nf3 f6
28. Nf5 Bf7 29. g3 Ne6 30. Kg2 a6 31. h4 c5 32. Bc4 Ne7 33. Qd2 Qd8 34. Qxd8+
Bxd8 35. Nd6 Ba5 36. Nxb7 Bxc3 37. Bxe6 Bxe6 38. Nxc5 Kf7 39. Nxe6 Kxe6 40. Kf1
Nc6 41. Ke2 Bd4 42. Nd2 Ba7 43. Bb2 Kd6 44. f3 Kc5 45. Ba3+ Kd4 46. Nb1 Bb8 47.
Bb2+ Kc5 48. Ba3+ Kd4 49. Bf8 g6 50. Bh6 Kc5 51. Kd3 Kb4 52. Nd2 Bd6 53. Be3 Bc7
54. Kc2 Nd4+ 55. Kb2 Ne2 56. Nc4 Nxg3 57. Na3 Ka5 58. Bc5 1-0

[Event "39th TCh-GRE"]
[Site "Eretria GRE"]
[Date "2011.07.07"]
[Round "6.17"]
[White "Kazaglis, Dimitrios-Stefanos"]
[Black "Bakoyannis, Thodoris"]
[Result "1-0"]
[WhiteElo "1690"]
[BlackElo "1629"]
[WhiteTeam "CC Amfissa"]
[BlackTeam "Aigialeias Chess Union"]
[WhiteFideId "4231112"]
[BlackFideId "4252837"]
[EventDate "2011.07.03"]

1. d4 Nf6 2. Nf3 e6 3. Bg5 c5 4. e3 Qb6 5. Qc1 Nc6 6. c3 d5 7. Nbd2 Be7 8. Bd3
O-O 9. O-O cxd4 10. exd4 Qc7 11. Re1 h6 12. Be3 Ng4 13. Nf1 Nxe3 14. Qxe3 Rb8
15. Rad1 b5 16. Ng3 Re8 17. Ne5 Nxe5 18. dxe5 b4 19. Nh5 Bf8 20. g4 Qe7 21. Qg3
Rd8 22. h4 g6 23. Nf6+ Kh8 24. g5 h5 25. Qf3 Bb7 26. Nxh5 d4 27. Qg4 dxc3 28.
Nf6 Bg7 29. h5 Bxf6 30. gxf6 Qf8 31. hxg6 fxg6 32. Qh4+ Kg8 33. Bxg6 1-0

[Event "39th TCh-GRE"]
[Site "Eretria GRE"]
[Date "2011.07.08"]
[Round "7.1"]
[White "Rapport, Richard"]
[Black "Ivanchuk, Vassily"]
[Result "0-1"]
[WhiteTitle "GM"]
[BlackTitle "GM"]
[WhiteElo "2545"]
[BlackElo "2768"]
[WhiteTeam "Panionios G.S.S. 2210"]
[BlackTeam "SS Peristeri"]
[WhiteFideId "738590"]
[BlackFideId "14100010"]
[EventDate "2011.07.03"]

1. d4 Nf6 2. c4 e6 3. Nc3 Bb4 4. e3 c5 5. Ne2 cxd4 6. exd4 d5 7. a3 Be7 8. Nf4
dxc4 9. Bxc4 O-O 10. O-O Nc6 11. Be3 Bd6 12. Nh5 Nd5 13. Bd3 Nxe3 14. fxe3 f5
15. Ng3 Kh8 16. Bc2 Qh4 17. Qf3 Bd7 18. Nce2 Rae8 19. Rad1 Na5 20. Bd3 Ba4 21.
Rde1 Bd7 22. Rc1 Nc6 23. Bb1 e5 24. Nxf5 Bxf5 25. Bxf5 exd4 26. Qh3 Qxh3 27.
Bxh3 Rxe3 28. Rxf8+ Bxf8 29. Nf4 Bd6 30. Nd5 Rb3 31. Bc8 d3 32. Rd1 Ne5 33. Nf4
g5 34. Ne6 h6 35. h4 gxh4 36. Nf4 Bc5+ 37. Kh2 Be3 0-1

[Event "39th TCh-GRE"]
[Site "Eretria GRE"]
[Date "2011.07.08"]
[Round "7.1"]
[White "Kofidis, Andreas"]
[Black "Halkias, Stelios"]
[Result "0-1"]
[WhiteTitle "IM"]
[BlackTitle "GM"]
[WhiteElo "2415"]
[BlackElo "2600"]
[WhiteTeam "Panionios G.S.S. 2210"]
[BlackTeam "SS Peristeri"]
[WhiteFideId "4200217"]
[BlackFideId "4201809"]
[EventDate "2011.07.03"]

1. d4 Nf6 2. Nf3 d5 3. g3 Bf5 4. Bg2 c6 5. O-O e6 6. Nbd2 Be7 7. b3 Nbd7 8. Bb2
O-O 9. Ne5 a5 10. a4 Qc7 11. Ndf3 h6 12. c4 Rfe8 13. Rc1 Be4 14. cxd5 exd5 15.
Bh3 Bd6 16. Qd2 Re7 17. Bc3 Bxf3 18. Nxf3 Ne4 19. Qd3 Nxc3 20. Rxc3 Nf6 21. Rc2
Ree8 22. e3 Qb6 23. Nd2 Re7 24. Bg2 Rae8 25. Nf3 Rd8 26. Rfc1 Ree8 27. Nd2 Bb4
28. Bh3 Qc7 29. Bg2 Qe7 30. Nf3 Bd6 31. Qd2 Ne4 32. Qd3 g6 33. Rd1 Ra8 34. Nd2
Nf6 35. Bf3 Kg7 36. Kg2 Qe6 37. Nb1 Re7 38. Nc3 g5 39. Rh1 Bb4 40. Na2 Bd6 41.
Nc3 Ra6 42. Bd1 Rb6 43. Re2 Bb4 44. Bc2 Ne4 45. Na2 g4 46. Nxb4 Rxb4 47. Rf1 Ng5
48. Bd1 f5 49. Ra2 h5 50. Bc2 Qe4+ 51. Qxe4 fxe4 52. Rc1 Nf3 53. Bd1 Re8 54. Rc3
Rf8 55. h4 Kf6 56. Kf1 Ke7 57. Bxf3 exf3 58. Ke1 Kd6 59. Kd2 Re8 60. Kd3 Re7 61.
Rac2 Re8 62. Rc1 Ra8 63. Re1 Re8 64. Rec1 Re7 65. R1c2 Rc7 66. Rc1 b6 67. Kd2 c5
68. R1c2 c4 69. bxc4 Rcxc4 70. Rxc4 dxc4 71. e4 Rxa4 72. Rb2 Rb4 73. Ra2 Rb3 74.
d5 Ke5 75. Ra4 Rd3+ 76. Kc2 Rd4 77. Ra1 Rxe4 78. Rd1 Kd6 0-1

[Event "39th TCh-GRE"]
[Site "Eretria GRE"]
[Date "2011.07.08"]
[Round "7.1"]
[White "Papadopoulou, Vera"]
[Black "Stoumbou, Eleni"]
[Result "1/2-1/2"]
[WhiteTitle "WIM"]
[WhiteElo "2210"]
[BlackElo "1873"]
[WhiteTeam "SS Peristeri"]
[BlackTeam "Panionios G.S.S. 2210"]
[WhiteFideId "4205472"]
[BlackFideId "4210174"]
[EventDate "2011.07.03"]

1. d4 d5 2. c4 e6 3. cxd5 exd5 4. Nc3 Bf5 5. Qb3 Nc6 6. Be3 Nf6 7. Nf3 Na5 8.
Qa4+ c6 9. Ne5 Qb6 10. O-O-O Bb4 11. Nd3 Bxc3 12. bxc3 Nc4 13. Qb3 Nxe3 14. fxe3
Ng4 15. Re1 Nxe3 16. Rg1 O-O 17. h3 Rfe8 18. g4 Be4 19. Nc5 Re7 20. h4 Rae8 21.
Bh3 Bc2 22. Qxb6 axb6 23. Nd3 Ba4 24. Nb2 Ra8 25. g5 Bb5 26. Kb1 Bc4 27. Nxc4
Nxc4 28. Rg3 Ra3 29. Bc8 Nd6 30. Kb2 Nc4+ 31. Kb1 Ra8 32. Bf5 Rae8 33. Bd3 Nd2+
34. Kc2 Ne4 35. Rg2 Nd6 36. Rb1 b5 37. Rf2 Ra8 38. Ra1 Nc4 39. h5 Rae8 1/2-1/2

[Event "39th TCh-GRE"]
[Site "Eretria GRE"]
[Date "2011.07.08"]
[Round "7.1"]
[White "Terzidaki, Alexandra"]
[Black "Kokossis, Danae"]
[Result "1-0"]
[WhiteElo "1938"]
[BlackElo "1768"]
[WhiteTeam "Panionios G.S.S. 2210"]
[BlackTeam "SS Peristeri"]
[WhiteFideId "4227476"]
[BlackFideId "410128"]
[EventDate "2011.07.03"]

1. e4 e5 2. Nf3 Nc6 3. d4 exd4 4. Nxd4 Nf6 5. Nxc6 bxc6 6. e5 Qe7 7. Qe2 Nd5 8.
c4 Ba6 9. b3 g6 10. f4 Bg7 11. Qf2 Nb6 12. Be2 O-O 13. O-O d6 14. Ba3 c5 15. Bf3
Rab8 16. Nc3 f6 17. exd6 cxd6 18. f5 Bb7 19. Rfe1 Qd7 20. Bxb7 Qxb7 21. Qg3 gxf5
22. Qxd6 Rfd8 23. Qe6+ Kh8 24. Bxc5 Rg8 25. Nd5 Nxd5 26. Qxd5 Bf8 27. Bd4 Qg7
28. Re6 Bc5 29. Bxc5 Rbd8 30. Qf3 Rd2 31. g3 Qd7 32. Re7 Qc8 33. Bf2 Qd8 34.
Rae1 1-0

[Event "39th TCh-GRE"]
[Site "Eretria GRE"]
[Date "2011.07.08"]
[Round "7.1"]
[White "Fragkou, Eleni"]
[Black "Poulopoulou, Ekaterini"]
[Result "1-0"]
[WhiteElo "1864"]
[BlackElo "1450"]
[WhiteTeam "SS Peristeri"]
[BlackTeam "Panionios G.S.S. 2210"]
[WhiteFideId "4221150"]
[BlackFideId "4244206"]
[EventDate "2011.07.03"]

1. e4 c6 2. d4 d5 3. Nc3 dxe4 4. Nxe4 Nd7 5. Bc4 Ngf6 6. Ng5 e6 7. Qe2 Nb6 8.
Bd3 Qxd4 9. N1f3 Qd5 10. O-O h6 11. c4 Qd8 12. Nxf7 Kxf7 13. Ne5+ Kg8 14. Bg6
Bd6 15. Rd1 Qc7 16. Qd3 Be7 17. Bf4 Kf8 18. Bf7 Bd6 19. Ng6+ Kxf7 20. Nxh8+ Kg8
21. Bxd6 Qd7 22. Ng6 Na4 23. Qc2 Nb6 24. a4 a5 25. Rd2 Ne8 26. Rad1 Qf7 27. Ne5
Qf6 28. Bc7 Ra6 29. Rd8 Kf8 30. Bd6+ Kg8 31. Rxe8+ 1-0

[Event "39th TCh-GRE"]
[Site "Eretria GRE"]
[Date "2011.07.08"]
[Round "7.1"]
[White "Poulidis, Stefanos"]
[Black "Stathopoulos, Ioannis"]
[Result "0-1"]
[WhiteElo "1914"]
[BlackElo "2122"]
[WhiteTeam "Panionios G.S.S. 2210"]
[BlackTeam "SS Peristeri"]
[WhiteFideId "4234448"]
[BlackFideId "4223098"]
[EventDate "2011.07.03"]

1. d4 Nf6 2. Nc3 d5 3. Bg5 c5 4. Bxf6 gxf6 5. e3 e6 6. Nf3 Nc6 7. Qd2 Bd7 8.
O-O-O f5 9. Bb5 Qc7 10. Qe2 O-O-O 11. Bxc6 Bxc6 12. Ne5 Be8 13. f3 c4 14. f4 Qa5
15. a3 Bxa3 16. bxa3 Qxc3 0-1

[Event "39th TCh-GRE"]
[Site "Eretria GRE"]
[Date "2011.07.08"]
[Round "7.1"]
[White "Ioannidis, Evgenios"]
[Black "Alexiou-Karakasidis, Stavros"]
[Result "1-0"]
[WhiteElo "1838"]
[BlackElo "1422"]
[WhiteTeam "SS Peristeri"]
[BlackTeam "Panionios G.S.S. 2210"]
[WhiteFideId "4229274"]
[BlackFideId "4255046"]
[EventDate "2011.07.03"]

1. d4 Nf6 2. c4 g6 3. Nc3 Bg7 4. Nf3 d6 5. h3 O-O 6. Bf4 Nbd7 7. e3 c5 8. Be2
cxd4 9. exd4 b6 10. O-O Bb7 11. Qd2 Re8 12. Rad1 Rc8 13. b3 Qc7 14. Nb5 Qb8 15.
d5 Nc5 16. Nbd4 a6 17. b4 Nce4 18. Qe1 e5 19. dxe6 fxe6 20. Bh2 e5 21. Nb3 Nd7
22. Nfd2 Nc3 23. Ra1 e4 24. Bg4 Qc7 25. Qe3 Nd5 26. cxd5 Bxa1 27. Rxa1 Bxd5 28.
Qd4 Bxb3 29. Nxb3 Rcd8 30. Qd5+ Kh8 31. Bxd6 Qc3 32. Bxd7 Rxd7 33. Be5+ Rxe5 34.
Qxd7 e3 35. fxe3 Qxe3+ 36. Kh1 Rg5 37. Rc1 1-0

[Event "39th TCh-GRE"]
[Site "Eretria GRE"]
[Date "2011.07.08"]
[Round "7.2"]
[White "Kempinski, Robert"]
[Black "Papaioannou, Ioannis"]
[Result "1/2-1/2"]
[WhiteTitle "GM"]
[BlackTitle "GM"]
[WhiteElo "2600"]
[BlackElo "2592"]
[WhiteTeam "E.O.A.O. Fysiolatris Nikaia"]
[BlackTeam "CC Kavala"]
[WhiteFideId "1105663"]
[BlackFideId "4201345"]
[EventDate "2011.07.03"]

1. Nf3 Nf6 2. c4 e6 3. Nc3 Bb4 4. Qc2 O-O 5. a3 Bxc3 6. Qxc3 b6 7. b4 Bb7 8. Bb2
d6 9. e3 Nbd7 10. Be2 e5 11. d3 Qe7 12. O-O c5 13. Rfe1 Rfe8 14. Rac1 Rac8 15.
Ba1 h6 16. Qb2 Ba8 17. Nd2 Nf8 18. Bf3 Ng6 19. Bxa8 Rxa8 20. Nf3 Qd7 21. h3 Rac8
22. Qb3 Re7 23. Bb2 Qf5 24. Qc3 Qd7 25. Kh2 Qf5 26. Rcd1 Rce8 27. a4 Qh5 28. a5
Nh4 29. Nxh4 Qxh4 30. g3 Qh5 1/2-1/2

[Event "39th TCh-GRE"]
[Site "Eretria GRE"]
[Date "2011.07.08"]
[Round "7.2"]
[White "Antic, Dejan"]
[Black "Kapnisis, Spyridon"]
[Result "1/2-1/2"]
[WhiteTitle "GM"]
[BlackTitle "GM"]
[WhiteElo "2487"]
[BlackElo "2529"]
[WhiteTeam "CC Kavala"]
[BlackTeam "E.O.A.O. Fysiolatris Nikaia"]
[WhiteFideId "901008"]
[BlackFideId "4203445"]
[EventDate "2011.07.03"]

1. d4 d5 2. c4 e6 3. Nf3 Nf6 4. g3 dxc4 5. Bg2 Bd7 6. Ne5 Bc6 7. Nxc6 Nxc6 8.
O-O Qd7 9. e3 O-O-O 10. Qa4 Nd5 11. Qxc4 h5 12. Nc3 h4 13. Bd2 hxg3 14. fxg3 f5
15. Rac1 g6 16. b4 Bxb4 17. Rb1 Qh7 18. h3 Qh6 19. Rxb4 Ncxb4 20. Rb1 Nc6 21.
Na4 Nb6 22. Qxe6+ Kb8 23. Rb2 Rhe8 24. Qb3 Qh8 25. Kh2 Qg8 26. Nc5 Qxb3 27. Rxb3
Kc8 28. a4 Rd6 29. a5 Nc4 30. Nxb7 Rf6 31. Bc1 1/2-1/2

[Event "39th TCh-GRE"]
[Site "Eretria GRE"]
[Date "2011.07.08"]
[Round "7.2"]
[White "Georgiadis, Ioannis"]
[Black "Skembris, Spyridon"]
[Result "1/2-1/2"]
[WhiteTitle "IM"]
[BlackTitle "GM"]
[WhiteElo "2464"]
[BlackElo "2475"]
[WhiteTeam "E.O.A.O. Fysiolatris Nikaia"]
[BlackTeam "CC Kavala"]
[WhiteFideId "4208900"]
[BlackFideId "4200020"]
[EventDate "2011.07.03"]

1. Nf3 d5 2. d4 Nf6 3. c4 c6 4. e3 g6 5. Nc3 Bg7 6. Bd3 O-O 7. O-O Be6 8. cxd5
cxd5 9. Qb3 Qb6 10. Qxb6 axb6 11. Bd2 Nc6 12. Nb5 Rfc8 13. Rfc1 Bf5 14. Bxf5
gxf5 15. Kf1 Ne4 16. Be1 e6 17. Ke2 Bf8 18. a3 f6 19. h3 h5 20. Rc2 Kf7 21. Rac1
Be7 22. Kf1 Ke8 23. Nh4 Nd6 24. Nxd6+ Bxd6 25. Nf3 Kd7 26. Bd2 Ra4 27. Ng1 b5
28. Ne2 Rc4 29. Ke1 b6 30. Kd1 Rg8 31. g3 h4 32. gxh4 Rh8 33. Nc3 Na7 34. b3
Rcc8 35. a4 Rxh4 36. Nxb5 Rxc2 37. Kxc2 Nxb5 38. axb5 Rxh3 39. f4 e5 40. fxe5
fxe5 41. dxe5 Bxe5 42. Rg1 d4 43. exd4 Bxd4 44. Rg6 Rf3 1/2-1/2

[Event "39th TCh-GRE"]
[Site "Eretria GRE"]
[Date "2011.07.08"]
[Round "7.2"]
[White "Botsari, Anna-Maria"]
[Black "Themeli, Dimitra"]
[Result "1-0"]
[WhiteTitle "WGM"]
[WhiteElo "2326"]
[BlackElo "1684"]
[WhiteTeam "CC Kavala"]
[BlackTeam "E.O.A.O. Fysiolatris Nikaia"]
[WhiteFideId "4200446"]
[BlackFideId "4227689"]
[EventDate "2011.07.03"]

1. d4 d5 2. c4 c6 3. Nf3 Nf6 4. Nc3 e6 5. e3 Nbd7 6. Qc2 Bd6 7. Bd3 dxc4 8. Bxc4
b5 9. Bd3 Bb7 10. O-O O-O 11. a3 a6 12. Ng5 Bxh2+ 13. Kxh2 Ng4+ 14. Kg1 Qxg5 15.
f3 Ngf6 16. e4 Qg3 17. Ne2 Qc7 18. Be3 e5 19. b4 Rac8 20. Rac1 exd4 21. Nxd4 c5
22. Nf5 c4 23. Ne7+ Kh8 24. Nxc8 Rxc8 25. Be2 Re8 26. Qd2 Re6 27. Rfd1 Bc6 28.
Bf4 Qb6+ 29. Qd4 Qxd4+ 30. Rxd4 Kg8 31. Rcd1 Kf8 32. g4 h6 33. Bf1 Re8 34. Rd6
Rc8 35. g5 hxg5 36. Bxg5 Ke8 37. Bh3 Rc7 38. Bf4 Rc8 39. e5 Nh5 40. Rxc6 Rxc6
41. Bxd7+ Kf8 42. Bxc6 Nxf4 43. Rd8+ Ke7 44. Re8# 1-0

[Event "39th TCh-GRE"]
[Site "Eretria GRE"]
[Date "2011.07.08"]
[Round "7.2"]
[White "Hristodoulaki, Antonia"]
[Black "Vatkali, Dimitra"]
[Result "1/2-1/2"]
[WhiteElo "1921"]
[BlackElo "1929"]
[WhiteTeam "E.O.A.O. Fysiolatris Nikaia"]
[BlackTeam "CC Kavala"]
[WhiteFideId "4214935"]
[BlackFideId "4200705"]
[EventDate "2011.07.03"]

1. c4 c6 2. Nc3 d5 3. cxd5 cxd5 4. d4 Nc6 5. Bf4 Nf6 6. e3 a6 7. Bd3 g6 8. h3
Bg7 9. Nf3 O-O 10. Bh2 b5 11. O-O Bf5 12. Bxf5 gxf5 13. Ne5 Na5 14. Rc1 Rc8 15.
Qd3 e6 16. Rc2 Nc4 17. Rfc1 Nd7 18. Nf3 Qe7 19. b3 Ncb6 20. Ne2 Rxc2 21. Rxc2
Qa3 22. Qd2 Nf6 23. Rc6 Ne4 24. Qc2 Nd7 25. Nc3 Nxc3 26. Rxc3 Nf6 27. Kf1 Ne4
28. Rc6 b4 29. Nd2 Qa5 30. Ke1 Nc3 31. Rc5 Qxa2 32. Qxa2 Nxa2 33. Ra5 Nc3 34.
Bd6 Ra8 35. Bxb4 Nb5 36. Nb1 Bf8 37. Bxf8 Kxf8 38. Kd2 Ke7 39. Nc3 Nxc3 40. Kxc3
Kd6 1/2-1/2